000 00888nam a22002055i 4500
001 153252
003 ES-MaACL
005 20230906205107.0
008 000725s1874 sp |||| | spa d
040 _aCCPB | B
_bspa
_cCCPB | B
110 2 _aConservatorio de Artes.
_bEscuela Nacional de Comercio, Artes y Oficios.
_9222005
245 1 0 _aMemoria leída en el Conservatorio de Artes Escuela Nacional de Comercio, Artes y Oficios en la apertura del curso de 1874 á 75 /
_cConstantino Saez de Montoya.
260 _aMadrid :
_b[s.n.],
_c1874 (
_fManuel Tello)
300 _a72 p. ;
_c28 cm.
650 4 _aEscuelas de arte-
_zEspaña.
_9149703
650 4 _aFormación profesional-
_zEspaña.
_9149704
700 1 _aSáez de Montoya, Constantino.
_9132996
852 _aES-MaACL
_jT-169-F-12
_z-- Enc. hol., falto de la cub. original
_z-- Enc. en un vol. facticio
999 _c153252
_d153252